000 00845nam a2200241Ia 4500
005 20240530110906.0
008 140319s2006 ua g 000 0 ara d
017 _a2006/2188
_bمصر. دار الكتب
020 _a9773512940
040 _aGCL /
_cGCL
082 0 4 _221
_a303.482/
_bأ إ
100 0 _aالسيد يسين
245 1 0 _aاعادة اختراع السياسة من الحداثة الى العولمة /
_cالسيد يسين
260 _aالقاهرة :
_bدار ميريت،
_c2006.
300 _a297 ص ؛
_c24 سم.
504 _aيشتمل على ارجاعات ببليوجرافية
650 0 7 _2qrmak
_aالارهاب
650 0 7 _2qrmak
_aالديمقراطية
650 0 7 _2qrmak
_aالاصلاح السياسى
651 _2qrmak
942 _2ddc
_cBK
999 _c66215
_d66215